000 00805nam a22002890a 4500
001 PT46919
003 AR-LpoUNG
005 20210131231147.0
008 191001s2011||||mx |||||||||||||||||spa d
020 _a9789681641276
_c$10
040 _aAR-LpoUNG
_bspa
_cAR-LpoUNG
_eaacr
041 _aspa
044 _amx
082 0 _a808.068 3 391jul
100 1 _aPellicer López, Carlos
245 1 0 _aJulieta y su caja de colores
250 _a1ra. ed., 8va. reimpr.
260 _aMéxico, D. F. :
_bFondo de Cultura Económica,
_c2011.
300 _a[30] p. :
_bil.
505 0 _aSugerido a partir de 8 años (etiqueta CELESTE)
650 4 _aCUENTOS
650 4 _aLITERATURA
651 4 _aDOCUMENTOS TEORICOS O METODOLOGICOS
653 _aLITERATURA INFANTIL
905 _a46919
942 _cLIB
999 _c8367
_d8367